000 01013nam a2200337 a 4500
001 vtls000058409
003 NLI
005 20210601191256.0
008 101125s1975 enk 001 0 eng
020 _a0677037708 :
_c? 7.10
039 9 _y201011250553
_zVLOAD
040 _aNLI
_beng
_cVTLS
_eAACR2
041 0 _aeng
044 _aenk
082 0 4 _a523.0197223
100 1 _aApparao, Krishna M. V.
_9146890
245 1 0 _aComposition of cosmic radiation /
_cKrishna M. V. Apparao
260 _aLondon :
_bGordon and Breach Science Publishers,
_cc1975
300 _ax, 86 p. ;
_cil cm. ;
_c24 cm.
440 0 _aTopics in astrophysics and space physics ;
_vvol. 2
_9146891
500 _aIncludes index
504 _aBibliography: p. 76-84
650 0 _aCosmic rays
_937289
650 0 _aCosmology
_947396
887 _a
901 _a421103
_b04.10.1975
902 _aE523.0197223 Ap48
906 _a0009381
_z1
949 _AVIRTUAITEM
_D10000
_X100
_6PUR000421103ENG
942 _2ddc
_cBKS
999 _aVIRTUA00
_c61925
_d61925